The odes of Pindar

Saved in:
Bibliographic Details
Main Author: Πίνδαρος 520-445 π.Χ
Other Authors: Sandys, John Edwin Sir 1844-1922 (Translator)
Format: Book
Language:English
Ancient Greek
Published: London : Harvard University Press, 1978
Series:Loeb classical library ; ; 56
Subjects:
Tags: Add Tag
No Tags, Be the first to tag this record!

MARC

LEADER 00000nam a2200000 i 4500
001 1/68101
008 960619s1978 eng d
020 |a 0-674-99062-5 
035 |l 10030130 
040 |a GR-MY-UA  |b gre  |e aacr 
041 0 |a eng  |a grc 
082 0 |a 884.008  |2 (22) 
100 1 |a Πίνδαρος  |d 520-445 π.Χ. 
245 1 4 |a The odes of Pindar /  |c [Πίνδαρος] ; μετάφραση: John Sandys Sir 
260 |a London :   |b Harvard University Press,   |c 1978 
300 |a 636 σ.;  |c 17 εκ. 
490 1 |a Loeb classical library  |v ; 56 
504 |a Περιλαμβάνει ευρετήριο 
600 1 0 |a Πίνδαρος  |d 520-445. 
650 0 0 |a Greek poetry. 
650 0 0 |a Lyric poetry. 
700 1 |a Sandys, John Edwin  |c Sir  |d 1844-1922.  |4 trl 
830 0 |a Loeb classical library ;  |v ; 56 
852 |a INST  |b CHIOS  |e 19960619  |h 884.008 ΠΙΝ  |p 005200007674  |q 005200007674  |t BK  |y 0 
909 |a Χ  |b 031955 
922 |a 2ΕΛΗ  |b 199311  |c ΦΡΑΓΚΟΜΙΧΑΛΟΣ  |d LEADER BOOKS